000 00309nam a22001337a 4500
008 170523b xxu||||| |||| 00| 0 eng d
020 _a9780312049089
041 _aeng
080 _22ND
_a94(100)
100 _a16
101 _aSHH
245 _aREADINGS IN WORLD CIVILIZATIONS
_cREILLY, K
942 _2udc
_cBK
999 _c13899
_d13899